000 01554nam a2200445 c 4500
001 19963
003 ES-MaCES
005 20141221122633.0
008 070417s2006 sp t o000 | eng d
017 _aM 23772-2001
_bDL
024 7 _a602-06-006-5
_2nipo
035 _aCES20070004475m
040 _aES-MaCES
_bspa
_cES-MaCES
100 1 _aAyala Cañón, Luis
_96777
245 1 0 _aCross-country income mobility comparisons under panel attrition
_b: the relevance of weighting schemes
_cautores, Luis Ayala, Carolina Navarro, Mercedes Sastre
260 _a[Madrid]
_bInstituto de Estudios Fiscales
_c[2006]
300 _a60 p.
_c21 cm
490 1 _aPapeles de trabajo. Serie Economía
_v19-06
500 _aResumen
504 _aBibliografía: p. 57-58
541 _cGratuito
650 4 _aingreso
_927108
650 4 _aingreso de los hogares
_930031
650 4 _aindicador económico
_927073
650 4 _aEspaña
_926964
650 4 _aFrancia
_926943
650 4 _aReino Unido
_926967
650 4 _aAlemania
_926944
650 4 _aItalia
_926952
650 4 _acomparación
_928892
650 4 _aanálisis económico
_927070
653 1 0 _aCondiciones económicas
700 1 _aNavarro, Carolina
_919511
700 1 _aSastre, Mercedes
_923590
710 2 _aInstituto de Estudios Fiscales (Madrid)
_eed.
_94158
830 0 _aPapeles de trabajo (Instituto de Estudios Fiscales (Madrid))
_pSerie Economía
_v19-06
_933525
902 _aDOC Literatura gris
942 _2CES
_cBK
_h0.0.
999 _c19963
_d19963